| Tag |
First Indicator |
Second Indicator |
Subfields |
| LEADER |
00000cam a2200000 a 4500 |
| 001 |
in00000008822 |
| 005 |
20151004050029.0 |
| 008 |
850722s1986 dcu b 00000 eng d |
| 010 |
|
|
|a 85018487
|
| 020 |
|
|
|a 0912704438
|
| 035 |
|
|
|a (OCoLC)12371451
|
| 035 |
|
|
|9 AAA1234AM
|
| 040 |
|
|
|a DNLM/DLC
|c DLC
|d m/c
|d TXA
|d UtOrBLW
|
| 049 |
|
|
|a TXAM
|c [A12615290]
|
| 050 |
0 |
0 |
|a RC451.4.P78
|b P76 1986
|
| 060 |
|
0 |
|a WM 172 P964
|
| 082 |
0 |
|
|a 616.85/21
|2 19
|
| 245 |
0 |
0 |
|a Professionals in distress :
|b issues, syndromes, and solutions in psychology /
|c Richard R. Kilburg, Peter E. Nathan, Richard W. Thoreson, editors.
|
| 264 |
|
1 |
|a Washington, D.C. :
|b American Psychological Association,
|c [1986]
|
| 264 |
|
4 |
|c ©1986
|
| 300 |
|
|
|a 299 pages ;
|c 24 cm.
|
| 336 |
|
|
|a text
|b txt
|2 rdacontent
|
| 337 |
|
|
|a unmediated
|b n
|2 rdamedia
|
| 338 |
|
|
|a volume
|b nc
|2 rdacarrier
|
| 504 |
|
|
|a Includes bibliographies.
|
| 650 |
|
0 |
|a Psychologists
|x Mental health.
|
| 650 |
|
0 |
|a Psychologists
|x Job stress.
|
| 700 |
1 |
|
|a Thoreson, Richard W.
|
| 700 |
1 |
|
|a Kilburg, Richard R.,
|d 1946-
|
| 700 |
1 |
|
|a Nathan, Peter E.
|
| 710 |
2 |
|
|a American Psychological Association.
|
| 999 |
|
|
|a MARS
|
| 999 |
f |
f |
|s c5e74244-fb93-39db-8238-e298508da024
|i b3f804b8-f1b9-398e-ac0e-4d7cfdc13b50
|t 0
|
| 952 |
f |
f |
|p ric
|a Texas A&M University
|b Rellis Campus
|c Joint Library Facility
|d Remote Storage
|t 0
|e RC451.4.P78 P76 1986
|h Library of Congress classification
|i unmediated -- volume
|m A14812615290
|
| 998 |
f |
f |
|a RC451.4.P78 P76 1986
|t 0
|l Remote Storage
|